00466nam a2200157Ia 4500008004100000020001300041082001600054100002400070245005200094250000800146260003600154300002800190500001900218600002100237650005000258240925s9999 xx 000 0 und d a74634917 a005.133 GOT aGottfried, Byron S. 0aSOS Theory and Problems of Programming Wiith C  a2nd aNew York:bMc Graw HIllc,1996. axvi,779p.bNAfOriginal aIncludes Index aComputer Science aComputer science, information & general works